00520 2200181 4500001002100000005001500021035002000036245008500056100003000141250000600171300003300177260004600210082000800256084001400264020001800278600003000296990001200326INLIS00000000000336120260211120027 a0010-02260000271 aPEMUDA DAN KELAUTAN :bIndustri Perikanan Nusantara /cDr. Adhyaksa Dault, M. Si0 aDr. Adhyaksa Dault, M. Si aV a56 hlm :bilus ;c21 x 30 cm aYogyakarta :bPT. Citra Aji Parama,c2018 a903 a903 DR. p a602-8227-41-4 4aDr. Adhyaksa Dault, M. Si a0750970